Možnosti financovania potrieb malých a stredných podnikov

Politika podpory inovácií v Slovenskej republike. Možnosti financovania malých a stredných podnikov a ich inovačných aktivít. Finančné potreby MSP. Finančné zdroje pre MSP. Úverové financovanie. Leasing a faktoring. Rizikový kapitál. Transfer technológií. Financovanie prostredníctvom obchodných anj...

Descrizione completa

Salvato in:
Dettagli Bibliografici
Autore principale: Bobáková, Viktória
Altri autori: Freňáková - Karchová, Magdaléna, 1981-
Natura: Capitolo di libro
Lingua:slovacco
Soggetti:
Tags: Aggiungi Tag
Nessun Tag, puoi essere il primo ad aggiungerne!!

MARC

LEADER 00000naa$a2200000$$$4500
001 0077825
005 20240611081650.6
041 0 |a slo 
044 |a CZ 
245 1 0 |a Možnosti financovania potrieb malých a stredných podnikov  |c Viktória Bobáková, Magdaléna Freňáková - Karchová 
520 |a Politika podpory inovácií v Slovenskej republike. Možnosti financovania malých a stredných podnikov a ich inovačných aktivít. Finančné potreby MSP. Finančné zdroje pre MSP. Úverové financovanie. Leasing a faktoring. Rizikový kapitál. Transfer technológií. Financovanie prostredníctvom obchodných anjelov. 
610 2 0 |a podnik malý 
610 2 0 |a podnik stredný 
610 2 0 |a financovanie 
610 2 0 |a zdroje finančné 
610 2 0 |a lízing 
610 2 0 |a faktoring 
610 2 0 |a kapitál rizikový 
610 2 0 |a investovanie 
610 2 0 |a úver 
610 2 0 |a fondy finančné 
100 1 |a Bobáková, Viktória 
700 1 |a Freňáková - Karchová, Magdaléna, 1981-